Southville International School and Colleges
Your cart is empty.
  • Cart
  • Lists
    Public lists Eva Luna New books Lux_list list_1
    Your lists Log in to create your own lists
  • Log in to your account
  • Your cookies
  • Search history
Southville International School and Colleges
  • Advanced search
  • Recent comments
  • Most popular
  • Libraries

Log in to your account

Log in with GOOGLE


If you do not have an external account, but do have a local account, you can still log in:

  1. Home
  2. MARC view: Essentials of anatomy and physiology/.
Normal view MARC view ISBD view

Essentials of anatomy and physiology/. (Record no. 39300)

[ view plain ]
MARC details
000 -LEADER
fixed length control field 00704nam a2200277 a 4500
005 - DATE AND TIME OF LATEST TRANSACTION
control field 20140311163005.0
008 - FIXED-LENGTH DATA ELEMENTS--GENERAL INFORMATION
fixed length control field 040610s19uu xx 00 eng d
020 ## - INTERNATIONAL STANDARD BOOK NUMBER
International Standard Book Number 0070272603
050 ## - LIBRARY OF CONGRESS CALL NUMBER
Classification number QP 34.5
Item number .Se418 2002
100 ## - MAIN ENTRY--PERSONAL NAME
Personal name Seeley, Rod R.
245 ## - TITLE STATEMENT
Title Essentials of anatomy and physiology/.
Statement of responsibility, etc Rod R. Seeley
250 ## - EDITION STATEMENT
Edition statement 4th.
260 ## - PUBLICATION, DISTRIBUTION, ETC. (IMPRINT)
Place of publication, distribution, etc Boston :
Name of publisher, distributor, etc McGraw Hill,
Date of publication, distribution, etc 2002.
300 ## - PHYSICAL DESCRIPTION
Extent 644 p. :
Other physical details ill. col. ;
Dimensions 27 cm.
521 ## - TARGET AUDIENCE NOTE
Target audience note
650 ## - SUBJECT ADDED ENTRY--TOPICAL TERM
Topical term or geographic name as entry element Human physiology.
650 ## - SUBJECT ADDED ENTRY--TOPICAL TERM
Topical term or geographic name as entry element Human anatomy.
700 ## - ADDED ENTRY--PERSONAL NAME
Personal name Stephens, Trent D.
700 ## - ADDED ENTRY--PERSONAL NAME
Personal name Tate, Philip
942 ## - ADDED ENTRY ELEMENTS (KOHA)
Koha item type Books
Source of classification or shelving scheme Library of Congress Classification
Call number prefix Foreign
Holdings
Withdrawn status Lost status Source of classification or shelving scheme Damaged status Home library Current library Shelving location Date acquired Source of acquisition Cost, normal purchase price Total Checkouts Full call number Barcode Date last seen Copy number Price effective from Koha item type
    Library of Congress Classification   Archives Archives   06/10/2004 Donation 1495.00   QP 34.5 .Se418 2002 C4906 05/15/2018 1 10/10/2013 Books
    Library of Congress Classification   Archives Archives   12/12/2013 Donation     QP 34.5 .Se418 2002 C4904 05/15/2018 3 12/12/2013 Books

Essentials of anatomy and physiology/.

APA

Seeley R. R., Stephens T. D. & Tate P. (2002). Essentials of anatomy and physiology. Boston: McGraw Hill.

Chicago

Seeley Rod R, Stephens Trent D and Tate Philip. 2002. Essentials of anatomy and physiology. Boston: McGraw Hill.

Harvard

Seeley R. R., Stephens T. D. and Tate P. (2002). Essentials of anatomy and physiology. Boston: McGraw Hill.

MLA

Seeley Rod R, Stephens Trent D and Tate Philip. Essentials of anatomy and physiology. Boston: McGraw Hill. 2002.

  • Place hold
  • Print
  • Cite
  • Add to your cart (remove)
  • Save record
    BIBTEX Dublin Core MARCXML MARC (non-Unicode/MARC-8) MARC (Unicode/UTF-8) MARC (Unicode/UTF-8, Standard) MODS (XML) RIS
  • More searches
    Search for this title in:
    Other Libraries (WorldCat) Other Databases (Google Scholar) Online Stores (Bookfinder.com) Open Library (openlibrary.org)

Exporting to Dublin Core...

SOUTHVILLE LIBRARY

Southville International School and Colleges Library

1281 Tropical Ave. Cor. Luxembourg St., BF Homes International, Las Pinas City

Tel. No. 8256374 / 252358 Loc. 117/146

Powered by Koha